000 00618nam a2200193Ia 4500
003 GCL
008 140319s9999 xx 000 0 ara d
040 _aGCL /
_cGCL
082 0 4 _a811.92
_bم ش
100 1 _aمحمد مصطفى هدارة
245 1 0 _aالشعر فى صدر الاسلام والعصر الاموى /
_cمحمد مصطفى هدارة
300 _a305 ص
490 _a100 قصة
_v0
650 0 4 _aالادب العربى
650 0 4 _aالشعر الجاهلى
650 0 4 _aالشعر العربى - تاريخ ونقد
650 0 4 _aالادب العربى - تاريخ
942 _2ddc
_cBK
999 _c45323
_d45323